Harry Potter and the Goblet of Fire

Збережено в:
Бібліографічні деталі
Автор: Rowling, J. K (Автор)
Формат: Невідомо
Опубліковано: London, United Kingdom: Bloomsbury Publishing PLc, 2014.
Серія:The Harry Potter Series,
Предмети:
Теги: Додати тег
Немає тегів, Будьте першим, хто поставить тег для цього запису!

MARC

LEADER 00000 a2200000 4500
003 CL-VaPUC
005 20230111171409.0
008 230109t2014 ||||| |||| 00| 0 eng d
999 |c 439199  |d 439197 
020 |a 978-1408855683 
040 |c Pontificia Universidad Católica de Valparaíso 
082 7 |a 823 ROWg 2014  |2 22 
100 |a Rowling, J. K  |9 554655  |e author 
245 1 |a Harry Potter and the Goblet of Fire 
260 |a London, United Kingdom:  |b Bloomsbury Publishing PLc,  |c 2014. 
300 |a 616 páginas.  
490 |a The Harry Potter Series,  |n  4.  
583 |k GC  |c 20230109 
650 0 |a Novelas inglesas  |9 265220 
650 0 |a Novelas juveniles inglesas  |9 462416 
650 0 |a Literatura inglesa  |9 312907 
942 |2 ddc  |c BK 
952 |0 0  |1 0  |2 ddc  |4 0  |6 823_000000000000000_ROWG_2014  |7 0  |8 A  |9 588581  |a BIBEDU  |b BIBEDU  |d 2023-01-06  |e 74  |g 17949.00  |i 5656370  |o 823 ROWg 2014  |p 5656370  |r 2023-01-06  |t 2  |v 17949.00  |w 2023-01-06  |y BK  |k LIT 
952 |0 0  |1 0  |2 ddc  |4 0  |6 823_000000000000000_ROWG_2014  |7 0  |8 A  |9 588582  |a BIBEDU  |b BIBEDU  |d 2023-01-06  |e 74  |g 17949.00  |i 5656369  |l 3  |o 823 ROWg 2014  |p 5656369  |r 2025-03-25  |s 2025-03-21  |t 1  |v 17949.00  |w 2023-01-06  |y BK  |k LIT